000
00324nam a22001457a 4500
008
230601b ||||| |||| 00| 0 eng d
020
_a
9780521765275
041
_a
eng
080
_2
FOURTH EDITION
_a
37
082
_a
37YUL
100
_a
22
101
_a
EDU
245
_a
THE STUDY OF LANGUAGE
_c
YULE.G
942
_2
udc
_c
BK
999
_c
59903
_d
59903